Adivina el país con una parte de su escudo - Estadísticas

Estadísticas generales
  • Esta prueba ha sido intentada 137 veces
  • La puntuación promedio es 7 de 16
Estadísticas de respuestas
Imagen Respuesta % Correcto
Egipto
90%
Argentina
82%
Serbia
78%
México
70%
Belice
60%
Siria
57%
Rusia
53%
Perú
47%
Fiyi
37%
Georgia
37%
Singapur
30%
Luxemburgo
28%
Cuba
24%
Islandia
24%
Yibuti
13%
Seychelles
9%
No se encontraron pruebas coincidentes
Distribución de puntuación
Porcentaje de gente con cada puntuación
Porcentaje por número respondido
Historial de tus puntuaciones
No has intentado esta prueba.